Dermatology. (Record no. 1327)
[ view plain ]
| 000 -LEADER | |
|---|---|
| fixed length control field | 00412cam2a220016900 4500 |
| 001 - CONTROL NUMBER | |
| control field | tmp15869530 |
| 003 - CONTROL NUMBER IDENTIFIER | |
| control field | UPRA |
| 005 - DATE AND TIME OF LATEST TRANSACTION | |
| control field | 20190809113248.0 |
| 008 - FIXED-LENGTH DATA ELEMENTS--GENERAL INFORMATION | |
| fixed length control field | 951108d19900702xx eng u |
| 035 ## - SYSTEM CONTROL NUMBER | |
| System control number | (Sirsi) r36973 |
| 035 ## - SYSTEM CONTROL NUMBER | |
| System control number | (UPRA)tmp15869530 |
| 040 ## - CATALOGING SOURCE | |
| Transcribing agency | UPRA |
| 245 00 - TITLE STATEMENT | |
| Title | Dermatology. |
| 260 ## - PUBLICATION, DISTRIBUTION, ETC. | |
| Date of publication, distribution, etc. | 2-6 July 1990. |
| 949 ## - LOCAL PROCESSING INFORMATION (OCLC) | |
| a | SF901 |
| w | LC |
| i | 33729001444582 |
| m | VETMED |
| p | 5000 |
| t | BOOK |
| l | ON-SHELF |
| Withdrawn status | Lost status | Source of classification or shelving scheme | Damaged status | Not for loan | Home library | Current library | Shelving location | Total Checkouts | Full call number | Barcode | Date last seen | Copy number | Price effective from | Koha item type |
|---|---|---|---|---|---|---|---|---|---|---|---|---|---|---|
| Library of Congress Classification | Vet Medicine Library | Vet Medicine Library | On Shelf | SF901 | 33729001444582 | 08/09/2019 | 1 | 08/09/2019 | Book |